000
00263 a2200121 4500
020
_a
8120301293
090
_c
2082
_d
2082
100
_a
John Fayerwather
245
_a
International marketing
250
_a
2
260
_a
New Delhi
942
_a
NBS
_c
BK
_k
658.8 FAY
999
_c
344585
_d
344585